អភិវឌ្ឍន៍ជនបទ (Record no. 9328)

000 -LEADER
fixed length control field 00275nam a22001217a 4500
040 ## - CATALOGING SOURCE
Transcribing agency HS
082 ## - DEWEY DECIMAL CLASSIFICATION NUMBER
Classification number 307
100 ## - MAIN ENTRY--AUTHOR NAME
Personal name ជួង សុផល
245 ## - TITLE STATEMENT
Title អភិវឌ្ឍន៍ជនបទ
260 ## - PUBLICATION, DISTRIBUTION, ETC. (IMPRINT)
Place of publication RUA
Name of publisher ជួង សុផល
Year of publication NA
300 ## - PHYSICAL DESCRIPTION
Number of Pages 71p;
942 ## - ADDED ENTRY ELEMENTS (KOHA)
Koha item type សៀវភៅភាសាខ្មែរ
952 ## - LOCATION AND ITEM INFORMATION (KOHA)
Withdrawn status [LOCAL, KOHA] 0
952 ## - LOCATION AND ITEM INFORMATION (KOHA)
Withdrawn status [LOCAL, KOHA] 0
Holdings
Permanent Location Date acquired Koha item type Lost status Shelving location Barcode Current Location Full call number
Library Block C2016-08-31សៀវភៅភាសាខ្មែរ C072RUA44396Library Block C307 ជួង NA C198
Library Block C2016-09-07សៀវភៅភាសាខ្មែរ  ឬូាំ៤២០៩៥Library Block C307 ជួង NA
មជ្ឈមណ្ឌលឯការនៃសាកលវិទ្យាល័យភូមិន្ទកសិកម្មចំការដូង

Powered by Koha